Del contenido del trabajo a la "cognición" (Registro nro. 22601)

Detalles MARC
000 -LEADER
fixed length control field 00352 a2200109 4500
001 - CONTROL NUMBER
control field ART_4718
005 - DATE AND TIME OF LATEST TRANSACTION
control field 20260410161824.0
008 - FIXED-LENGTH DATA ELEMENTS--GENERAL INFORMATION
fixed length control field 260409a
100 1# - MAIN ENTRY--PERSONAL NAME
Personal name DIribarne, Alain
245 10 - TITLE STATEMENT
Title Del contenido del trabajo a la "cognición"
773 0# - HOST ITEM ENTRY
Title Revista de trabajo
Related parts Formación profesional - Año 1, Nº 1 (mar./abr. 1994)
Record control number REV4713

No hay ítems disponibles.